<?xml version="1.0" encoding="UTF-8"?>
<record
    xmlns:xsi="http://www.w3.org/2001/XMLSchema-instance"
    xsi:schemaLocation="http://www.loc.gov/MARC21/slim http://www.loc.gov/standards/marcxml/schema/MARC21slim.xsd"
    xmlns="http://www.loc.gov/MARC21/slim">

  <leader>01514    a2200277   4500</leader>
  <controlfield tag="003">OSt</controlfield>
  <controlfield tag="005">20180116192354.0</controlfield>
  <controlfield tag="008">120601t        xxu||||| |||| 00| 0 eng d</controlfield>
  <datafield tag="010" ind1=" " ind2=" ">
    <subfield code="a">  2009029818</subfield>
  </datafield>
  <datafield tag="020" ind1=" " ind2=" ">
    <subfield code="a">9780873658591 (cloth : alk. paper)</subfield>
  </datafield>
  <datafield tag="040" ind1=" " ind2=" ">
    <subfield code="c">0</subfield>
  </datafield>
  <datafield tag="082" ind1="0" ind2="0">
    <subfield code="a">297.40954</subfield>
  </datafield>
  <datafield tag="100" ind1="1" ind2=" ">
    <subfield code="a"> Samina Quraeshi,</subfield>
    <subfield code="9">3475</subfield>
  </datafield>
  <datafield tag="245" ind1="1" ind2="0">
    <subfield code="a">Sacred spaces :</subfield>
    <subfield code="b">a journey with the Sufis of the Indus /</subfield>
    <subfield code="c">Samina Quraeshi ; with contributions by Ali S. Asani, Carl W. Ernst, Kamil Khan Mumtaz.</subfield>
  </datafield>
  <datafield tag="260" ind1=" " ind2=" ">
    <subfield code="a">Cambridge, Mass. :</subfield>
    <subfield code="b">Peabody Museum Press ;</subfield>
    <subfield code="a">Ahmedabad :</subfield>
    <subfield code="b">Mapin Pub.,</subfield>
    <subfield code="c">2010.</subfield>
  </datafield>
  <datafield tag="300" ind1=" " ind2=" ">
    <subfield code="a">xii, 278 p. :</subfield>
    <subfield code="b">col. ill., col. maps;</subfield>
    <subfield code="c">31 cm.</subfield>
  </datafield>
  <datafield tag="500" ind1=" " ind2=" ">
    <subfield code="a">Published in conjunction with the exhibition "Sacred Spaces: Reflections on a Sufi Path," held from 22 October 2009 to 30 April 2010 at the Peabody Museum of Archaeology and Ethnology, Harvard University, Cambridge, Massachusetts.</subfield>
  </datafield>
  <datafield tag="505" ind1="0" ind2=" ">
    <subfield code="a">Preface -- Images of South Asian Sufism / Ali S. Asani -- Islam and Sufism in contemporary South Asia / Carl W. Ernst -- The architecture of Sufi shrines / Kamil Khan Mumtaz -- Storytelling as imaginative history / Samina Quraeshi -- Afterword -- Selected bibliography -- Contributors.</subfield>
  </datafield>
  <datafield tag="650" ind1="1" ind2="0">
    <subfield code="a">Sufism</subfield>
    <subfield code="z">South Asia.</subfield>
    <subfield code="9">3476</subfield>
  </datafield>
  <datafield tag="650" ind1="1" ind2="0">
    <subfield code="a">Sufis</subfield>
    <subfield code="z">South Asia.</subfield>
    <subfield code="9">3477</subfield>
  </datafield>
  <datafield tag="700" ind1="1" ind2=" ">
    <subfield code="a">Asani, Ali S.</subfield>
    <subfield code="d">1954-</subfield>
    <subfield code="9">3478</subfield>
  </datafield>
  <datafield tag="700" ind1="1" ind2=" ">
    <subfield code="a">Ernst, Carl W.,</subfield>
    <subfield code="d">1950-</subfield>
    <subfield code="9">3479</subfield>
  </datafield>
  <datafield tag="700" ind1="1" ind2=" ">
    <subfield code="a">Mumtaz, Kamil Khan.</subfield>
    <subfield code="9">3480</subfield>
  </datafield>
  <datafield tag="942" ind1=" " ind2=" ">
    <subfield code="a">SADA</subfield>
    <subfield code="c">BK</subfield>
    <subfield code="k">297.40954 SAM 2010</subfield>
    <subfield code="2">ddc</subfield>
  </datafield>
  <datafield tag="999" ind1=" " ind2=" ">
    <subfield code="c">353033</subfield>
    <subfield code="d">353033</subfield>
  </datafield>
  <datafield tag="952" ind1=" " ind2=" ">
    <subfield code="0">0</subfield>
    <subfield code="1">0</subfield>
    <subfield code="4">0</subfield>
    <subfield code="7">0</subfield>
    <subfield code="a">SADA</subfield>
    <subfield code="b">SADA</subfield>
    <subfield code="d">2011-04-19</subfield>
    <subfield code="l">14</subfield>
    <subfield code="m">3</subfield>
    <subfield code="o">297.40954 SAM 2010</subfield>
    <subfield code="p">SADA0000988</subfield>
    <subfield code="r">2016-01-13</subfield>
    <subfield code="s">2015-12-23</subfield>
    <subfield code="v">4820.00</subfield>
    <subfield code="w">2011-08-05</subfield>
    <subfield code="y">BK</subfield>
    <subfield code="k">BOOK</subfield>
  </datafield>
</record>
